Statistics for All Splash Art From Smash 4

Click here to take the quiz!

General Stats

  • This quiz has been taken 9 times
  • The average score is 22 of 28

Answer Stats

HintAnswer% Correct
--------- Gets Wicked!Bayonetta
100%
--------- Fires it Up!Charizard
100%
------ Chooses to Smash!Corrin
100%
---- ---- Takes Aim!Duck Hunt
100%
------ --- Punches In!Little Mac
100%
------ Wakes her Blade?!Lucina
100%
------ Strikes Back!Mewtwo
100%
------- Hungers for Battle!Pac-Man
100%
-------- - ---- Launch into Battle!Rosalina & Luma
100%
--- Seals the Deal!Roy
100%
Here Comes a New Challenger! ---Ryu
100%
----- Foresees a Fight!Shulk
100%
-------- Comes to Town!Villager
100%
--- --- ------- Weighs In!Wii Fit Trainer
100%
--- ---- ----- Zeroes In!Zero Suit Samus
100%
------ --- Clowns the Competition!Bowser Jr.
75%
----- Storms into Battle!Cloud
75%
-------- Makes a Splash!Greninja
75%
----- Comes Out of Nowhere!Lucas
75%
---- --- Joins the Battle!Mega Man
75%
----- Brings the Thunder!Robin
75%
----- Appears on the Scene!Sheik
75%
------- Gets Sworn In!Lincoln
50%
------ ---- Like to Battle!Elijah Wood
25%
---- Mii Fighter Outfit Available!Geno
25%
----- Pours it On!Ice-T
25%
-------- Alights!Palutena
25%
----- Rolls into Battle!Yoshi
25%

Score Distribution

Percentile by Number Answered

Percent of People with Each Score

Your Score History

You have not taken this quiz